000
00325nam a2200145Ia 4500
005
20251222153525.0
008
251222s9999||||xx |||||||||||||| ||spa||
020
_a
8478882456
082
_a
863/G11
100
_a
Gabaldon, Diana
245
0
_a
Atrapada en el Tiempo
250
_a
4ta.ed.
264
_b
Emecé
942
_c
LIB
999
_c
29877
_d
29877